000 00816nam a22002777a 4500
001 000379
003 DO-SdBNP
005 20180201091759.0
007 000379
008 160712b 2008 sp a ||||| |||| 00| 0 spa d
020 _a9788426131928
040 _aBPMSU
_bspa
_cBPMSU
092 _axxxxx
_bxxxxx
100 1 _aLindgren, Astrid,
_d1907-2002.
245 1 0 _aPippi Calzaslargas /
_cAstrid Lindgren ; traducción de Blanca Ríos ; ilustraciones Richard Kennedy
250 _a6a. ed.
260 _aBarcelona :
_bJuventud,
_c2008.
300 _a136 p. :
_bil. ;
_c22 cm.
490 1 _aJuventud
700 1 2 _aKennedy, Richard,
_dil.
700 1 2 _aRíos, Blanca,
_dtr.
830 0 _pJuventud
942 _2ddc
_cBK
945 _aInventariado, 2018/ YL
956 _2LOPEREZ
_310
_620160712
_8BPMSU
_a00041
999 _c10834
_d10834